000 00836nas a2200265 4500
001 BR2012006476
003 BR-BrBNA
005 20231205121053.0
007 ta
008 230509b bl.|||p| |||| 00| 00por d
040 _aBR-BrBNA
_bpor
_cBiblioteca Nacional de Agricultura
041 _a(Pt)
072 _aQ52
100 1 _aMagalhães, R.T.
100 1 _aCorrêa, D.S.
245 1 _aDegradabilidade in situ da matéria seca e fração fibrosa do estilosantes Campo Grande
650 _aBOVINO
650 _aLEGUMINOSA TROPICAL
650 _aMANEJO
650 _aMATÉRIA SECA
650 _aDIGESTIBILIDADE
773 0 _tArquivo Brasileiro de Medicina Veterinária e Zootecnia (Brazil)
_xISSN 0102-0935
_g(Jun 2012), v. 64(3) p. 702-710
_wBR2012006476
909 _a202311
_bLúcia
_c55
_dLúcia Elande
942 _2AGRIS
_n0
_cANA
999 _c221700
_d221700